000 00449nam a2200169Ia 4500
008 240729s9999 xx 000 0 und d
022 _a1471-2334
245 0 _aBMC Infectious Diseases
260 _aUnited Kingdom
260 _bBMC
650 _a Infectious and parasitic diseases
650 _a Internal medicine
650 _aMedicine
856 _uhttps://doaj.org/toc/e7690d345a8d4fc29780287a0cb7b44b
942 _2ddc
942 _cDOAJEJ
999 _c74472
_d74472
945 _a1
_bMadushi Gamage
_c1
_dMadushi Gamage